[Event "MT_Kubacek"]
[Site "?"]
[Date "2013.??.??"]
[Round "?"]
[White "Fejfar, Vlastimil"]
[Black "Lucan, Zdenko"]
[Result "1-0"]
[WhiteElo "2167"]
[BlackElo "1593"]
[PlyCount "33"]
[EventDate "2013.??.??"]
[EventType "corr"]
[EventRounds "2"]
[SourceDate "2010.08.23"]

1. e4 d6 2. d4 Nf6 3. Bd3 e6 4. Nf3 Be7 5. Nc3 a6 6. e5 Nd5 7. Nxd5 exd5 8. Bf4
Be6 9. O-O O-O 10. c3 g6 11. exd6 Bxd6 12. Qd2 Bg4 13. Ne5 Bxe5 14. dxe5 Be6
15. Bg5 Qc8 16. Bf6 Bf5 17. Qh6 1-0

[Event "MT_Kubacek"]
[Site "?"]
[Date "2013.??.??"]
[Round "?"]
[White "Goc, Pavel"]
[Black "Vins, Karel"]
[Result "1-0"]
[WhiteElo "2142"]
[BlackElo "1774"]
[PlyCount "31"]
[EventDate "2013.??.??"]
[EventType "corr"]
[EventRounds "2"]
[SourceDate "2010.08.23"]

1. e4 e5 2. Nf3 Nc6 3. Bc4 Nf6 4. Ng5 d5 5. exd5 Nxd5 6. d4 exd4 7. O-O Be6 8.
Re1 Nf6 9. Bxe6 fxe6 10. Nxe6 Kf7 11. Nxd8+ Rxd8 12. Qe2 Bd6 13. Qc4+ Kg6 14.
Nd2 Ng4 15. Nf3 Nce5 16. Qe6+ 1-0

[Event "MT_Kubacek"]
[Site "?"]
[Date "2013.??.??"]
[Round "?"]
[White "Smolka, Jan"]
[Black "Ptacek, Jiri"]
[Result "1-0"]
[WhiteElo "2134"]
[BlackElo "1820"]
[PlyCount "67"]
[EventDate "2013.??.??"]
[EventType "corr"]
[EventRounds "2"]
[SourceDate "2010.08.23"]

1. e4 c5 2. Nc3 Nc6 3. f4 e6 4. Nf3 d6 5. d3 Nge7 6. g3 Ng6 7. d4 Be7 8. dxc5
dxc5 9. Qxd8+ Bxd8 10. Be3 b6 11. Nb5 O-O 12. O-O-O a6 13. Nd6 e5 14. Nxc8 Rxc8
15. Bxa6 Rc7 16. f5 Nh8 17. Bc4 Bf6 18. a4 Ra8 19. b3 Nd4 20. Rhf1 Kf8 21. g4
Nxf3 22. Rxf3 h6 23. h4 Bxh4 24. Rh1 g5 25. fxg6 Nxg6 26. Bxh6+ Ke8 27. Bb5+
Ke7 28. Rxh4 Nxh4 29. Bg5+ Kf8 30. Bxh4 Rac8 31. Bf6 Rc6 32. g5 Rxf6 33. Rxf6
Kg7 34. Rxb6 1-0

[Event "MT_Kubacek"]
[Site "?"]
[Date "2013.??.??"]
[Round "?"]
[White "Kyzlink, Vladimir"]
[Black "Stepan, Josef"]
[Result "1-0"]
[WhiteElo "1923"]
[BlackElo "1859"]
[PlyCount "31"]
[EventDate "2013.??.??"]
[EventType "corr"]
[EventRounds "2"]
[SourceDate "2010.08.23"]

1. e4 c6 2. d4 d5 3. Nc3 dxe4 4. Nxe4 Nd7 5. Bc4 Ngf6 6. Ng5 e6 7. Qe2 Nb6 8.
Bb3 Qxd4 9. N1f3 Qd8 10. Ne5 Qc7 11. Nexf7 Rg8 12. Nxe6 Bxe6 13. Qxe6+ Be7 14.
Bg5 Nbd7 15. O-O-O Rf8 16. Rhe1 1-0

[Event "MT_Kubacek"]
[Site "?"]
[Date "2013.??.??"]
[Round "?"]
[White "Pressl, Ladislav"]
[Black "Svoboda, Josef"]
[Result "0-1"]
[WhiteElo "1922"]
[BlackElo "1898"]
[PlyCount "38"]
[EventDate "2013.??.??"]
[EventType "corr"]
[EventRounds "2"]
[SourceDate "2010.08.23"]

1. e4 c5 2. Nf3 Nc6 3. d4 cxd4 4. Nxd4 Nf6 5. Nc3 g6 6. Be3 d6 7. f3 Bg7 8. Qd2
Nxd4 9. Bxd4 O-O 10. Bc4 Qa5 11. O-O Bd7 12. Rfd1 Rfc8 13. Bb3 b6 14. Nd5 Qxd2
15. Rxd2 Nxd5 16. exd5 a5 17. a4 b5 18. axb5 Bxb5 19. Rxa5 Rxa5 0-1

[Event "MT_Kubacek"]
[Site "?"]
[Date "2013.??.??"]
[Round "?"]
[White "Stepan, Josef"]
[Black "Pressl, Ladislav"]
[Result "0-1"]
[WhiteElo "1859"]
[BlackElo "1922"]
[PlyCount "58"]
[EventDate "2013.??.??"]
[EventType "corr"]
[EventRounds "2"]
[SourceDate "2010.08.23"]

1. e4 c6 2. d4 d5 3. Nc3 dxe4 4. Nxe4 Bf5 5. Ng3 Bg6 6. h4 h6 7. Nf3 e6 8. h5
Bh7 9. Bd3 Bxd3 10. Qxd3 Nf6 11. Ne5 Nbd7 12. Bf4 Nd5 13. Bd2 Nb4 14. Bxb4
Bxb4+ 15. c3 Bd6 16. f4 O-O 17. O-O-O Nf6 18. Rde1 Qa5 19. Kb1 Rfd8 20. f5 Re8
21. Nc4 Qc7 22. Nxd6 Qxd6 23. fxe6 Rxe6 24. Nf5 Qd7 25. g4 Rae8 26. Rxe6 Qxe6
27. g5 hxg5 28. h6 g6 29. Ng7 Qe4 0-1

[Event "MT_Kubacek"]
[Site "?"]
[Date "2013.??.??"]
[Round "?"]
[White "Ptacek, Jiri"]
[Black "Kyzlink, Vladimir"]
[Result "0-1"]
[WhiteElo "1820"]
[BlackElo "1923"]
[PlyCount "116"]
[EventDate "2013.??.??"]
[EventType "corr"]
[EventRounds "2"]
[SourceDate "2010.08.23"]

1. c4 e5 2. Nc3 Nf6 3. g3 g6 4. Bg2 Bg7 5. e4 Nc6 6. Nf3 O-O 7. O-O Re8 8. Re1
a6 9. a3 a5 10. d3 d6 11. Bg5 Bg4 12. Nd5 Nd4 13. Bxf6 Bxf6 14. Nxf6+ Qxf6 15.
Re3 c6 16. h3 Nxf3+ 17. Bxf3 Bxh3 18. Bg4 Bxg4 19. Qxg4 Qe6 20. Qh4 b6 21. Rf3
Qe7 22. Qh6 f6 23. Kg2 Qg7 24. Qe3 Rab8 25. Rh1 b5 26. b3 b4 27. a4 c5 28. g4
Qd7 29. Rg3 Re7 30. f4 Rf8 31. f5 Rg7 32. Rh6 gxf5 33. gxf5 Rff7 34. Rhh3 Rxg3+
35. Rxg3+ Rg7 36. Kh2 Rxg3 37. Qxg3+ Qg7 38. Qe1 h5 39. Qh4 Qh6 40. Qg3+ Qg5
41. Qe1 Kh7 42. Kh3 Kh6 43. Qe2 Qf4 44. Qg2 Qe3+ 45. Kh2 Qg5 46. Qc2 Qf4+ 47.
Kh1 Qf3+ 48. Kh2 Kg5 49. Kg1 h4 50. Qd2+ Kg4 51. Qc2 Qe3+ 52. Kh1 h3 53. Kh2
Qg3+ 54. Kh1 Qe1+ 55. Kh2 Kf3 56. d4 Qg3+ 57. Kh1 Qg2+ 58. Qxg2+ hxg2+ 0-1

[Event "MT_Kubacek"]
[Site "?"]
[Date "2013.??.??"]
[Round "?"]
[White "Vins, Karel"]
[Black "Smolka, Jan"]
[Result "0-1"]
[WhiteElo "1774"]
[BlackElo "2134"]
[PlyCount "56"]
[EventDate "2013.??.??"]
[EventType "corr"]
[EventRounds "2"]
[SourceDate "2010.08.23"]

1. e4 e5 2. Nf3 Nc6 3. Bc4 Nf6 4. d3 Bc5 5. O-O d6 6. h3 h6 7. Nbd2 O-O 8. c3
a6 9. b4 Ba7 10. Bb2 b5 11. Bb3 Bd7 12. a3 Nh5 13. Kh2 Nf4 14. Bc2 a5 15. Ng1
Bb6 16. g3 Ne6 17. Ndf3 Qf6 18. Qe2 Rfe8 19. Nh4 axb4 20. axb4 Rxa1 21. Bxa1
Ra8 22. Bb3 Nf4 23. Qf3 Ra3 24. Bd5 Nxd5 25. exd5 Qxf3 26. Nhxf3 Ne7 27. Kg2
Ra2 28. g4 Nxd5 0-1

[Event "MT_Kubacek"]
[Site "?"]
[Date "2013.??.??"]
[Round "?"]
[White "Lucan, Zdenko"]
[Black "Goc, Pavel"]
[Result "0-1"]
[WhiteElo "1593"]
[BlackElo "2142"]
[PlyCount "34"]
[EventDate "2013.??.??"]
[EventType "corr"]
[EventRounds "2"]
[SourceDate "2010.08.23"]

1. Nc3 Nf6 2. e4 e5 3. Nf3 Nc6 4. a3 d5 5. exd5 Nxd5 6. Bb5 Nxc3 7. Bxc6+ bxc6
8. bxc3 Ba6 9. Nxe5 Qd5 10. d4 Qxg2 11. Qf3 Qxf3 12. Nxf3 Rb8 13. Nd2 Kd7 14.
c4 Bd6 15. O-O Rhe8 16. c3 Re6 17. Bb2 Rxb2 0-1

[Event "MT_Kubacek"]
[Site "?"]
[Date "2013.??.??"]
[Round "?"]
[White "Urban, Miroslav"]
[Black "Fejfar, Vlastimil"]
[Result "1-0"]
[WhiteElo "2386"]
[BlackElo "2167"]
[PlyCount "65"]
[EventDate "2013.??.??"]
[EventType "corr"]
[EventRounds "2"]
[SourceDate "2010.08.23"]

1. c4 e5 2. Nc3 Nf6 3. Nf3 Nc6 4. a3 d5 5. cxd5 Nxd5 6. Qc2 Be7 7. e4 Nb6 8.
Bb5 Qd6 9. d4 exd4 10. Ne2 O-O 11. Bf4 Qg6 12. O-O Bg4 13. Nfxd4 Nxd4 14. Nxd4
c6 15. Bd3 Rad8 16. Nf5 Bg5 17. Be5 Rd7 18. f4 Bf6 19. Bxf6 Qxf6 20. e5 Qd8 21.
Nd6 Qh4 22. Rae1 Nc8 23. Ne4 Rfd8 24. Nc5 Re7 25. f5 b6 26. f6 gxf6 27. Ne4
fxe5 28. g3 Qh3 29. Qc3 h6 30. Nf6+ Kf8 31. Be4 Bd7 32. Bg2 Qe6 33. Qd2 1-0

[Event "MT_Kubacek"]
[Site "?"]
[Date "2013.??.??"]
[Round "?"]
[White "Goc, Pavel"]
[Black "Urban, Miroslav"]
[Result "1/2-1/2"]
[WhiteElo "2142"]
[BlackElo "2386"]
[PlyCount "69"]
[EventDate "2013.??.??"]
[EventType "corr"]
[EventRounds "2"]
[SourceDate "2010.08.23"]

1. e4 e5 2. Nf3 Nc6 3. Bb5 a6 4. Ba4 Nf6 5. O-O Nxe4 6. d4 b5 7. Bb3 d5 8. dxe5
Be6 9. Nbd2 Be7 10. c3 O-O 11. Bc2 f5 12. Nb3 Qd7 13. Nfd4 Nxd4 14. Nxd4 c5 15.
Nxe6 Qxe6 16. f3 Ng5 17. Bxg5 Bxg5 18. f4 Be7 19. h3 c4 20. Qe2 Rad8 21. Rad1
Bc5+ 22. Kh2 g6 23. b3 a5 24. g4 Kh8 25. gxf5 gxf5 26. Qh5 Rd7 27. bxc4 dxc4
28. Rxd7 Qxd7 29. Rd1 Qe6 30. Qh4 b4 31. Rd8 b3 32. axb3 cxb3 33. Bxb3 Qxb3 34.
Qf6+ Kg8 35. Qg5+ 1/2-1/2

[Event "MT_Kubacek"]
[Site "?"]
[Date "2013.??.??"]
[Round "?"]
[White "Smolka, Jan"]
[Black "Lucan, Zdenko"]
[Result "1-0"]
[WhiteElo "2134"]
[BlackElo "1593"]
[PlyCount "43"]
[EventDate "2013.??.??"]
[EventType "corr"]
[EventRounds "2"]
[SourceDate "2010.08.23"]

1. e4 d6 2. d4 Nf6 3. Nc3 g6 4. f4 Bg7 5. Nf3 Bg4 6. h3 Bxf3 7. Qxf3 Nbd7 8. e5
dxe5 9. fxe5 Ng8 10. Bc4 e6 11. O-O Qe7 12. Qxb7 Qd8 13. Nb5 Ne7 14. Nxc7+ Qxc7
15. Qxc7 Rc8 16. Qxa7 Rxc4 17. Rxf7 Kxf7 18. Qxd7 Rhc8 19. Bg5 Bf8 20. Rf1+ Kg7
21. Bxe7 R4c7 22. Bxf8+ 1-0

[Event "MT_Kubacek"]
[Site "?"]
[Date "2013.??.??"]
[Round "?"]
[White "Kyzlink, Vladimir"]
[Black "Vins, Karel"]
[Result "0-1"]
[WhiteElo "1923"]
[BlackElo "1774"]
[PlyCount "36"]
[EventDate "2013.??.??"]
[EventType "corr"]
[EventRounds "2"]
[SourceDate "2010.08.23"]

1. e4 e5 2. Nf3 Nc6 3. Bc4 Bc5 4. c3 Nf6 5. d3 d6 6. O-O O-O 7. Bb3 Bg4 8. h3
Be6 9. Bxe6 fxe6 10. b4 Bb6 11. Nbd2 h6 12. Nc4 Ne7 13. Nxb6 axb6 14. a4 c5 15.
Qb3 Qd7 16. Be3 Ng6 17. Rfb1 Rfc8 18. Qxe6+ Qxe6 0-1

[Event "MT_Kubacek"]
[Site "?"]
[Date "2013.??.??"]
[Round "?"]
[White "Pressl, Ladislav"]
[Black "Ptacek, Jiri"]
[Result "1-0"]
[WhiteElo "1922"]
[BlackElo "1820"]
[PlyCount "103"]
[EventDate "2013.??.??"]
[EventType "corr"]
[EventRounds "2"]
[SourceDate "2010.08.23"]

1. e4 c5 2. Nf3 d6 3. d4 cxd4 4. Nxd4 Nf6 5. Nc3 a6 6. a4 e6 7. Bg5 Be7 8. Be2
Ng8 9. Be3 Nf6 10. f4 e5 11. fxe5 dxe5 12. Nf3 Qxd1+ 13. Rxd1 Nc6 14. Nd5 Bd8
15. Nxf6+ Bxf6 16. O-O O-O 17. Kf2 Bg4 18. Bc4 Bxf3 19. gxf3 h6 20. Rd7 Nd8 21.
Bc5 Re8 22. Rfd1 g5 23. Bd5 Rc8 24. b4 b5 25. Bb6 Rxc2+ 26. Kg3 Ne6 27. Bxe6
Rxe6 28. Bc5 a5 29. R1d2 Rc4 30. Rb2 Rc6 31. Rd6 Rxd6 32. Bxd6 axb4 33. a5 Bd8
34. Bxb4 Bxa5 35. Bxa5 Kg7 36. Rd2 Rc6 37. h4 gxh4+ 38. Kxh4 Rg6 39. Bc3 Re6
40. Rd5 f6 41. Kh5 Re7 42. Bd2 Kh7 43. Rd8 Rg7 44. Bxh6 Rg3 45. Rd7+ Kg8 46. f4
exf4 47. Bxf4 Rg7 48. Rxg7+ Kxg7 49. Kg4 Kg6 50. Bd6 Kf7 51. Kf5 Kg7 52. Be7
1-0

[Event "MT_Kubacek"]
[Site "?"]
[Date "2013.??.??"]
[Round "?"]
[White "Svoboda, Josef"]
[Black "Stepan, Josef"]
[Result "1/2-1/2"]
[WhiteElo "1898"]
[BlackElo "1859"]
[PlyCount "46"]
[EventDate "2013.??.??"]
[EventType "corr"]
[EventRounds "2"]
[SourceDate "2010.08.23"]

1. c4 e5 2. Nc3 Nf6 3. g3 d5 4. cxd5 Nxd5 5. Bg2 Nb6 6. Nf3 Nc6 7. h3 Be7 8. e3
O-O 9. d4 exd4 10. Nxd4 Nxd4 11. Qxd4 Qxd4 12. exd4 c6 13. Bf4 Re8 14. O-O Be6
15. Rfe1 Rad8 16. Rad1 Nc4 17. d5 cxd5 18. Nxd5 Bxd5 19. Rxd5 Rxd5 20. Bxd5
Nxb2 21. Bxb7 Nd3 22. Re4 Nxf4 23. Rxf4 Bc5 1/2-1/2

[Event "MT_Kubacek"]
[Site "?"]
[Date "2013.??.??"]
[Round "?"]
[White "Ptacek, Jiri"]
[Black "Svoboda, Josef"]
[Result "1/2-1/2"]
[WhiteElo "1820"]
[BlackElo "1898"]
[PlyCount "92"]
[EventDate "2013.??.??"]
[EventType "corr"]
[EventRounds "2"]
[SourceDate "2010.08.23"]

1. c4 e5 2. Nc3 Nc6 3. e4 Nf6 4. Nf3 Bb4 5. Qb3 Bxc3 6. Qxc3 Nxe4 7. Qe3 d5 8.
d3 Nb4 9. Qe2 dxc4 10. dxe4 Nd3+ 11. Kd1 Nf4+ 12. Qd2 Bg4 13. Qxd8+ Rxd8+ 14.
Kc2 Bxf3 15. gxf3 Nd3 16. Bxd3 cxd3+ 17. Kd1 f6 18. Be3 O-O 19. Rc1 Rd7 20. Rc3
Rfd8 21. Kd2 b6 22. b4 Kf7 23. Rd1 h6 24. f4 f5 25. f3 Ke6 26. exf5+ Kxf5 27.
fxe5 Kxe5 28. Re1 Kf5 29. Bf2 g5 30. h3 Kf4 31. Re3 h5 32. h4 gxh4 33. Bxh4 Rg8
34. Re4+ Kf5 35. Rxd3 Rg2+ 36. Kc3 Rxd3+ 37. Kxd3 Rxa2 38. Re7 Ra3+ 39. Ke2
Ra2+ 40. Ke3 Ra3+ 41. Ke2 Ra2+ 42. Ke3 Ra3+ 43. Kf2 Ra4 44. Rf7+ Ke5 45. Bg3+
Ke6 46. Rf4 a5 1/2-1/2

[Event "MT_Kubacek"]
[Site "?"]
[Date "2013.??.??"]
[Round "?"]
[White "Vins, Karel"]
[Black "Pressl, Ladislav"]
[Result "0-1"]
[WhiteElo "1774"]
[BlackElo "1922"]
[PlyCount "84"]
[EventDate "2013.??.??"]
[EventType "corr"]
[EventRounds "2"]
[SourceDate "2010.08.23"]

1. e4 c6 2. d4 d5 3. Nc3 e6 4. e5 c5 5. Nf3 cxd4 6. Nxd4 Nc6 7. Nxc6 bxc6 8.
Be3 c5 9. Bb5+ Bd7 10. Bxd7+ Qxd7 11. O-O d4 12. Bxd4 cxd4 13. Ne2 Bc5 14. a3
a5 15. Kh1 Rb8 16. b3 Ne7 17. Qd3 O-O 18. f4 Rfd8 19. g4 Qc6+ 20. Qf3 Qd5 21.
h3 d3 22. Qxd5 Rxd5 23. cxd3 Rxd3 24. b4 axb4 25. axb4 Bxb4 26. Kg2 Rc8 27. Ra2
Nd5 28. Kh2 Rd2 29. Rxd2 Bxd2 30. Kg3 Ra8 31. Rd1 Ra3+ 32. Kh4 Be3 33. Rb1 g6
34. Kg5 Kg7 35. Rf1 h6+ 36. Kh4 Ra4 37. Kg3 f6 38. exf6+ Nxf6 39. f5 Ne4+ 40.
Kh2 Ra2 41. fxe6 Rxe2+ 42. Kh1 Ng3# 0-1

[Event "MT_Kubacek"]
[Site "?"]
[Date "2013.??.??"]
[Round "?"]
[White "Lucan, Zdenko"]
[Black "Kyzlink, Vladimir"]
[Result "0-1"]
[WhiteElo "1593"]
[BlackElo "1923"]
[PlyCount "26"]
[EventDate "2013.??.??"]
[EventType "corr"]
[EventRounds "2"]
[SourceDate "2010.08.23"]

1. b3 e5 2. Bb2 Nc6 3. e3 d5 4. Bb5 e4 5. Ba3 Qg5 6. Bxc6+ bxc6 7. g3 Qf6 8. c3
Bxa3 9. Nxa3 Ne7 10. Ne2 Qf3 11. Nf4 Qxh1+ 12. Ke2 Qxd1+ 13. Rxd1 Bg4+ 0-1

[Event "MT_Kubacek"]
[Site "?"]
[Date "2013.??.??"]
[Round "?"]
[White "Urban, Miroslav"]
[Black "Smolka, Jan"]
[Result "1-0"]
[WhiteElo "2386"]
[BlackElo "2134"]
[PlyCount "81"]
[EventDate "2013.??.??"]
[EventType "corr"]
[EventRounds "2"]
[SourceDate "2010.08.23"]

1. c4 e5 2. Nc3 f5 3. d4 exd4 4. Qxd4 Nc6 5. Qe3+ Kf7 6. Nf3 Nf6 7. a3 h6 8.
Qd3 d6 9. g3 Be7 10. Bh3 g6 11. b3 Ne5 12. Qc2 Nxf3+ 13. exf3 d5 14. cxd5 Nxd5
15. Bb2 Bf6 16. O-O Be6 17. f4 Qd6 18. Na4 Qc6 19. Qxc6 bxc6 20. Rfc1 Ne7 21.
Bxf6 Kxf6 22. Nc5 Rhd8 23. b4 Rd2 24. Nxe6 Kxe6 25. Bg2 Kd7 26. Rc5 Rb8 27. Re1
Rb6 28. Ra5 Nc8 29. Bf1 Rd5 30. Re5 Rd1 31. Kg2 Rd4 32. h4 h5 33. Re3 Rd5 34.
Bc4 Rxa5 35. bxa5 Rb5 36. Bxb5 cxb5 37. Rb3 c6 38. a4 a6 39. axb5 cxb5 40. Kf3
Nd6 41. Rb1 1-0

[Event "MT_Kubacek"]
[Site "?"]
[Date "2013.??.??"]
[Round "?"]
[White "Fejfar, Vlastimil"]
[Black "Goc, Pavel"]
[Result "1/2-1/2"]
[WhiteElo "2167"]
[BlackElo "2142"]
[PlyCount "69"]
[EventDate "2013.??.??"]
[EventType "corr"]
[EventRounds "2"]
[SourceDate "2010.08.23"]

1. e4 e5 2. f4 exf4 3. Nf3 g5 4. Bc4 Bg7 5. O-O h6 6. d4 d6 7. g3 Bh3 8. Rf2
Nc6 9. Bb5 fxg3 10. hxg3 a6 11. Bxc6+ bxc6 12. Nc3 Ne7 13. Be3 Be6 14. d5 cxd5
15. exd5 Bg4 16. Bd4 f6 17. Qd3 O-O 18. Nh2 Bh5 19. Raf1 Bg6 20. Qc4 f5 21.
Bxg7 Kxg7 22. Nf3 Be8 23. Nd4 Bd7 24. Qe2 Bc8 25. b3 Bd7 26. Re1 Rf7 27. a4 c5
28. Ne6+ Bxe6 29. dxe6 Rf6 30. Qc4 Qa5 31. Rd1 Rd8 32. Ne4 fxe4 33. Rxf6 Kxf6
34. Qxe4 Kg7 35. Rf1 1/2-1/2

[Event "MT_Kubacek"]
[Site "?"]
[Date "2013.??.??"]
[Round "?"]
[White "Smolka, Jan"]
[Black "Fejfar, Vlastimil"]
[Result "1/2-1/2"]
[WhiteElo "2134"]
[BlackElo "2167"]
[PlyCount "73"]
[EventDate "2013.??.??"]
[EventType "corr"]
[EventRounds "2"]
[SourceDate "2010.08.23"]

1. e4 e5 2. Nf3 Nc6 3. Bb5 a6 4. Bxc6 dxc6 5. O-O f6 6. d4 exd4 7. Nxd4 c5 8.
Ne2 Qxd1 9. Rxd1 Be6 10. Nbc3 g5 11. Be3 h6 12. a4 Bd6 13. a5 O-O-O 14. Na4 c4
15. Bc5 Rh7 16. Nd4 Bg4 17. f3 Rhd7 18. c3 Bh5 19. Bxd6 Rxd6 20. Kf2 Bf7 21. h3
h5 22. g3 Nh6 23. Nc5 Re8 24. Nc2 Rc6 25. Na4 Re5 26. Nb4 Rce6 27. Nd5 f5 28.
Rd4 fxe4 29. Rad1 Re8 30. Rxc4 e3+ 31. Ke1 Kb8 32. Re4 Rxe4 33. fxe4 Rxe4 34.
Nc5 e2 35. Rd3 Re8 36. Nf6 Re7 37. Rd4 1/2-1/2

[Event "MT_Kubacek"]
[Site "?"]
[Date "2013.??.??"]
[Round "?"]
[White "Kyzlink, Vladimir"]
[Black "Urban, Miroslav"]
[Result "0-1"]
[WhiteElo "1923"]
[BlackElo "2386"]
[PlyCount "42"]
[EventDate "2013.??.??"]
[EventType "corr"]
[EventRounds "2"]
[SourceDate "2010.08.23"]

1. e4 c6 2. d4 d5 3. Nc3 dxe4 4. Nxe4 Bf5 5. Ng3 Bg6 6. h4 h6 7. Nf3 Nd7 8. h5
Bh7 9. Bd3 Bxd3 10. Qxd3 Ngf6 11. Nh4 e6 12. Bd2 Qc7 13. O-O-O c5 14. Rhe1
O-O-O 15. dxc5 Nxc5 16. Qc4 b5 17. Qc3 Be7 18. Kb1 Nd5 19. Qd4 Bf6 20. Qg4 Na4
21. c3 Nxb2 0-1

[Event "MT_Kubacek"]
[Site "?"]
[Date "2013.??.??"]
[Round "?"]
[White "Pressl, Ladislav"]
[Black "Lucan, Zdenko"]
[Result "1/2-1/2"]
[WhiteElo "1922"]
[BlackElo "1593"]
[PlyCount "59"]
[EventDate "2013.??.??"]
[EventType "corr"]
[EventRounds "2"]
[SourceDate "2010.08.23"]

1. e4 d6 2. d4 Nf6 3. Nc3 e5 4. dxe5 dxe5 5. Qxd8+ Kxd8 6. Bc4 Ke8 7. Bg5 Be7
8. Nf3 Nc6 9. O-O-O Bg4 10. h3 Bxf3 11. gxf3 h6 12. Be3 a6 13. a3 Rd8 14. Nd5
Nxd5 15. exd5 Nb8 16. f4 exf4 17. Bxf4 Bg5 18. Rhe1+ Kd7 19. Bxg5 hxg5 20. Re3
Rde8 21. Rde1 Rxe3 22. Rxe3 Kd6 23. b4 b5 24. Ba2 Nd7 25. Rf3 Ne5 26. Rg3 f6
27. Kd2 Rh4 28. c3 Nc4+ 29. Bxc4 bxc4 30. Rf3 1/2-1/2

[Event "MT_Kubacek"]
[Site "?"]
[Date "2013.??.??"]
[Round "?"]
[White "Svoboda, Josef"]
[Black "Vins, Karel"]
[Result "1-0"]
[WhiteElo "1898"]
[BlackElo "1774"]
[PlyCount "97"]
[EventDate "2013.??.??"]
[EventType "corr"]
[EventRounds "2"]
[SourceDate "2010.08.23"]

1. Nf3 d5 2. c4 d4 3. e3 c5 4. exd4 cxd4 5. d3 Nf6 6. Be2 Nc6 7. O-O e5 8. a3
a5 9. Qa4 Be7 10. Qb5 Bd6 11. c5 Bc7 12. Bg5 Bd7 13. Nbd2 b6 14. cxb6 Bxb6 15.
Nxe5 Nxe5 16. Qxe5+ Qe7 17. f4 Qxe5 18. fxe5 Nd5 19. Bf3 Be6 20. Nc4 Bc7 21.
Rae1 O-O 22. Re4 Rab8 23. Rxd4 Nb6 24. Nxa5 Bxe5 25. Rb4 Nd5 26. Rxb8 Bxb8 27.
Nc6 Bd6 28. Re1 Nc7 29. Be7 Bxe7 30. Nxe7+ Kh8 31. Bd5 Bxd5 32. Nxd5 Nxd5 33.
Kf2 Rb8 34. b4 g6 35. Kf3 Nc7 36. Rc1 Nb5 37. a4 Nd6 38. b5 Ra8 39. Rc6 Nf5 40.
Rc4 Rd8 41. g4 Nd4+ 42. Ke3 Nb3 43. Rb4 Re8+ 44. Kf3 Nd2+ 45. Kf2 Kg7 46. b6 f5
47. Rb2 Ne4+ 48. dxe4 Rxe4 49. b7 1-0

[Event "MT_Kubacek"]
[Site "?"]
[Date "2013.??.??"]
[Round "?"]
[White "Stepan, Josef"]
[Black "Ptacek, Jiri"]
[Result "1-0"]
[WhiteElo "1859"]
[BlackElo "1820"]
[PlyCount "109"]
[EventDate "2013.??.??"]
[EventType "corr"]
[EventRounds "2"]
[SourceDate "2010.08.23"]

1. e4 c5 2. Nf3 d6 3. d4 cxd4 4. Nxd4 Nf6 5. Nc3 a6 6. Bg5 e6 7. f4 Be7 8. Qd2
Nc6 9. O-O-O Ng8 10. Bxe7 Ngxe7 11. Nxc6 Nxc6 12. Qxd6 Qxd6 13. Rxd6 O-O 14.
Be2 Ne7 15. Rhd1 b5 16. Rd8 g6 17. e5 Nc6 18. R8d6 Bb7 19. Bf3 Rac8 20. Ne4 Ba8
21. Nc5 Nb4 22. Bxa8 Rxc5 23. Be4 Nxa2+ 24. Kb1 Nb4 25. c3 Nd5 26. Rxa6 Nxf4
27. g3 Nd5 28. Bxd5 exd5 29. Rd6 Re8 30. R6xd5 Rxe5 31. Rxc5 Rxc5 32. Ka2 h5
33. Kb3 Re5 34. Rd2 g5 35. Kb4 f5 36. c4 bxc4 37. Kxc4 f4 38. gxf4 gxf4 39. b4
Re4+ 40. Rd4 Re2 41. Rxf4 Rc2+ 42. Kb5 Rxh2 43. Rf1 h4 44. Kb6 Rg2 45. b5 Rg6+
46. Ka7 Rg7+ 47. Kb8 Rg6 48. Ka7 Rg7+ 49. Ka6 Rf7 50. Rh1 Rf2 51. Rxh4 Ra2+ 52.
Kb7 Rc2 53. b6 Kf7 54. Ra4 Ke7 55. Ka7 1-0

[Event "MT_Kubacek"]
[Site "?"]
[Date "2013.??.??"]
[Round "?"]
[White "Vins, Karel"]
[Black "Stepan, Josef"]
[Result "1/2-1/2"]
[WhiteElo "1774"]
[BlackElo "1859"]
[PlyCount "74"]
[EventDate "2013.??.??"]
[EventType "corr"]
[EventRounds "2"]
[SourceDate "2010.08.23"]

1. e4 d6 2. d4 Nf6 3. Nc3 g6 4. f4 Bg7 5. Nf3 O-O 6. e5 dxe5 7. dxe5 Qxd1+ 8.
Nxd1 Nd5 9. a3 c5 10. c4 Nb6 11. Be3 Na6 12. Rc1 Be6 13. Be2 f6 14. exf6 exf6
15. b3 f5 16. O-O Rfe8 17. Ng5 Rad8 18. Rc2 Bd4 19. Bf2 Rd6 20. Nxe6 Bxf2+ 21.
Kxf2 Rdxe6 22. Bf3 R6e7 23. Nc3 Nb8 24. Nb5 Nc8 25. Nc3 b6 26. Nd5 Rf7 27. Rd2
Nd6 28. Ne7+ Rfxe7 29. Rxd6 Rd7 30. Rxd7 Nxd7 31. Re1 Rxe1 32. Kxe1 Kf7 33. Kd2
Nf8 34. h3 Ne6 35. g3 Kf6 36. Ke3 g5 37. Bd1 h6 1/2-1/2

[Event "MT_Kubacek"]
[Site "?"]
[Date "2013.??.??"]
[Round "?"]
[White "Urban, Miroslav"]
[Black "Pressl, Ladislav"]
[Result "1-0"]
[WhiteElo "2386"]
[BlackElo "1922"]
[PlyCount "44"]
[EventDate "2013.??.??"]
[EventType "corr"]
[EventRounds "2"]
[SourceDate "2010.08.23"]

1. c4 Nf6 2. Nf3 e6 3. Nc3 d5 4. d4 Bd6 5. Bg5 Be7 6. e3 O-O 7. Qc2 h6 8. Bh4
Nbd7 9. cxd5 exd5 10. Bd3 c5 11. O-O b6 12. Bf5 Bb7 13. Rad1 Re8 14. Ne5 Nxe5
15. dxe5 Nd7 16. Bg3 Bf8 17. f4 d4 18. Bf2 Bc6 19. exd4 cxd4 20. Rxd4 Bc5 21.
Rd2 Qc7 22. b4 Bxf2+ 1-0

[Event "MT_Kubacek"]
[Site "?"]
[Date "2013.??.??"]
[Round "?"]
[White "Fejfar, Vlastimil"]
[Black "Kyzlink, Vladimir"]
[Result "1-0"]
[WhiteElo "2167"]
[BlackElo "1923"]
[PlyCount "49"]
[EventDate "2013.??.??"]
[EventType "corr"]
[EventRounds "2"]
[SourceDate "2010.08.23"]

1. e4 e5 2. Nf3 Nc6 3. d4 exd4 4. Nxd4 Bc5 5. Be3 Qf6 6. c3 Nge7 7. Bc4 O-O 8.
O-O Bb6 9. Na3 d6 10. Ndb5 a6 11. Nxd6 Bxe3 12. Nxc8 Raxc8 13. fxe3 Qg6 14. Qf3
b5 15. Be2 Ne5 16. Qf4 Qe6 17. Nc2 c5 18. Rfd1 Rcd8 19. b3 N5g6 20. Qc7 Qxe4
21. Rxd8 Qxc2 22. Rxf8+ Nxf8 23. Qxe7 Qxe2 24. Qxc5 Qb2 25. Rf1 1-0

[Event "MT_Kubacek"]
[Site "?"]
[Date "2013.??.??"]
[Round "?"]
[White "Goc, Pavel"]
[Black "Smolka, Jan"]
[Result "1/2-1/2"]
[WhiteElo "2142"]
[BlackElo "2134"]
[PlyCount "62"]
[EventDate "2013.??.??"]
[EventType "corr"]
[EventRounds "2"]
[SourceDate "2010.08.23"]

1. d4 Nf6 2. Nf3 d5 3. e3 e6 4. Bd3 c5 5. c3 Nc6 6. Nbd2 Bd6 7. O-O O-O 8. dxc5
Bxc5 9. e4 Qc7 10. Qe2 Bd6 11. Re1 Ng4 12. h3 Nge5 13. Nxe5 Nxe5 14. exd5 exd5
15. Nf3 Nxd3 16. Qxd3 Qc4 17. Qxc4 dxc4 18. Be3 Bf5 19. Bd4 f6 20. Nd2 Bd3 21.
Ne4 Bc7 22. Nc5 Bf5 23. g4 Bc8 24. Ne6 Bxe6 25. Rxe6 Rae8 26. Rae1 Rxe6 27.
Rxe6 Kf7 28. Re4 Bd6 29. a4 a6 30. Bb6 Rc8 31. Kg2 Rc6 1/2-1/2

[Event "MT_Kubacek"]
[Site "?"]
[Date "2013.??.??"]
[Round "?"]
[White "Kyzlink, Vladimir"]
[Black "Goc, Pavel"]
[Result "1/2-1/2"]
[WhiteElo "1923"]
[BlackElo "2142"]
[PlyCount "40"]
[EventDate "2013.??.??"]
[EventType "corr"]
[EventRounds "2"]
[SourceDate "2010.08.23"]

1. e4 e5 2. Nf3 Nc6 3. Bc4 Nf6 4. Ng5 Bc5 5. Bxf7+ Ke7 6. Bd5 Rf8 7. Nf3 Nd4 8.
Nxd4 Bxd4 9. O-O c6 10. c3 Bb6 11. Bb3 Nxe4 12. d4 d5 13. Nd2 Nxd2 14. Bxd2 Kf7
15. dxe5 Kg8 16. c4 Be6 17. cxd5 cxd5 18. Bc3 Qd7 19. Bd4 Ba5 20. Bc3 Bc7
1/2-1/2